| 000 | 00458nam a2200181Ia 4500 | ||
|---|---|---|---|
| 005 | 20250603145000.0 | ||
| 008 | 250603s9999 xx 000 0 und d | ||
| 020 | _a9789780323738 | ||
| 050 | _aPN 5499 .O46/ | ||
| 100 | _aOloyede, Bayo | ||
| 245 | 0 | _aFree press and society: dismantling the culture of silence | |
| 260 | _aIbadan | ||
| 260 | _bStirling-Horden Publishers Ltd. | ||
| 260 | _c2008 | ||
| 300 | _a146 p | ||
| 650 | _aIbadan | ||
| 942 | _cBK | ||
| 999 |
_c40523 _d40523 |
||